000 00606nam a2200229Ia 4500
003 OSt
005 20221007081446.0
006 a|||||r|||| 00| 0
007 ta
008 221006b |||||||| |||| 00| 0 eng d
024 _a46,111
037 _cTextual
040 _aFLL
_cFLL
_beng
041 _2eng
_aeng
082 _aQ0aW.2, R0
100 _aKUMAR Narender Ed.
_9610441
245 0 _aPolitics and religion in India
260 _aNew York
_bRoutledge USA
_c2020
300 _axv,225p.
_ccm.
942 _hQ0aW.2, R0
_cTEXL
_2CC
999 _c1163113
_d1163113